LEADER 01422nam a2200313 i 4500 001 000000252422 003 CaOOAMICUS 005 20240328135207.0 008 170104s2016 be m u000 u fre u 020 $a978-2-503-56720-4 040 $aSeMil$bita 100 1 $aSoulétis-Julia, Marie-Ange <1971- >.$0(OLS)http://semarc/name/94010 245 10$aGenèse du supplétisme verbal :$bdu latin aux langues romanes /$cMarie-Ange Julia. 264 1$aTurnhout :$bBrepols,$c2016. 300 $a481 p. ;$c26 cm. 490 1 $aCorpus Christianorum. Lingua Patrum ;$v9 502 $aTesto rivisto della tesi, Univ. de Paris IV-Sorbonne, 2005 504 $aBibliographie, p. [431]-453 650 4$aLingua latina - Sintassi.$0(OLS)http://semarc/subject/3273 650 4$aFilologia romanza.$0(OLS)http://semarc/subject/8825 650 4$aLingue romanze - Sintassi.$0(OLS)http://semarc/subject/3203 830 0$aCorpus Christianorum. Lingua Patrum ;$v9.$0(OLS)http://semarc/title/150 850 $aSeMil 852 $aSeMil$W1$xVenegono$y1$mSL2.E II 9$j202768$B202768$CSeMilBibl$Z2$F215514 $8I 961 $aSottoscrizione: Brepols 996 $6020$a978-2-503-56720-4$9(OLS)http://semarc/number/274772 996 $6245$aGenèse du supplétisme verbal :$bdu latin aux langues romanes$9(OLS)http://semarc/title/409924 996 $6264$aTurnhout :$bBrepols$9(OLS)http://semarc/publisher/29626 LEADER 01567nam a2200325 i 4500 001 000000346618 003 CaOOAMICUS 005 20210614164024.0 008 210614s2019 it u000 u ita u 013 $a70790 020 $a9788882721485*$q8. rist. 040 $aSeMil$bita 245 00$aCatechismo tridentino :$b(catechismo ad uso dei parroci pubblicato dal papa s. Pio 5. per decreto del Concilio di Trento) /$ctraduzione italiana a cura del p. Tito S. Centi, O.P. 264 1$aSiena :$bCantagalli,$c2019. 300 $a464 p. ;$c21 cm 490 1 $aI classici cristiani ;$v252-253 650 4$aConcilio di Trento <1545-1563>.$0(OLS)http://semarc/subject/58 650 4$aCatechismo - Testi - Sec. 16.-18.$0(OLS)http://semarc/subject/5121 700 1 $aCenti, Tito Sante,$c.$0(OLS)http://semarc/name/481 700 0 $aPius V,$c.$0(OLS)http://semarc/name/3050 830 2$aI classici cristiani ;$v252-253.$0(OLS)http://semarc/title/386 850 $aSeMil 852 $aSeMil$W1$xVenegono$y1$m3K II 416$j227337$B237696$CSeMilBibl$Z2$F237696 $81 900 0 $aPio V$c. 961 $aLorenzi don Ugo - Omaggio 996 $6020$a9788882721485*$q8. rist.$9(OLS)http://semarc/number/293483 996 $6245$aCatechismo tridentino :$b(catechismo ad uso dei parroci pubblicato dal papa s. Pio 5. per decreto del Concilio di Trento)$9(OLS)http://semarc/title/146467 996 $6264$aSiena :$bCantagalli$9(OLS)http://semarc/publisher/29767